Theology of the New Testament : (Record no. 9780)

MARC details
000 -LEADER
fixed length control field 00608nam a22002057a 4500
003 - CONTROL NUMBER IDENTIFIER
control field GBCCL
005 - DATE AND TIME OF LATEST TRANSACTION
control field 20241126110718.0
008 - FIXED-LENGTH DATA ELEMENTS--GENERAL INFORMATION
fixed length control field 230719b ||||| |||| 00| 0 eng d
020 ## - INTERNATIONAL STANDARD BOOK NUMBER
International Standard Book Number 0310211328
020 ## - INTERNATIONAL STANDARD BOOK NUMBER
International Standard Book Number 9780310211327
040 ## - CATALOGING SOURCE
Transcribing agency gbc
082 ## - DEWEY DECIMAL CLASSIFICATION NUMBER
Classification number 230.0415
Item number THI
100 ## - MAIN ENTRY--PERSONAL NAME
Personal name Thielman, Frank
9 (RLIN) 15962
245 ## - TITLE STATEMENT
Title Theology of the New Testament :
Remainder of title a canonical and synthetic approach /
Statement of responsibility, etc. Frank Theilman
260 ## - PUBLICATION, DISTRIBUTION, ETC.
Place of publication, distribution, etc. Grand Rapids :
Name of publisher, distributor, etc. Zondervan ,
Date of publication, distribution, etc. 2005
300 ## - PHYSICAL DESCRIPTION
Extent 798p. ;
650 ## - SUBJECT ADDED ENTRY--TOPICAL TERM
Topical term or geographic name entry element Bible
Form subdivision N.T.
General subdivision Theology
9 (RLIN) 17005
650 ## - SUBJECT ADDED ENTRY--TOPICAL TERM
Topical term or geographic name entry element Bible
Form subdivision N.T.
General subdivision canonical criticism
9 (RLIN) 17006
942 ## - ADDED ENTRY ELEMENTS (KOHA)
Source of classification or shelving scheme Dewey Decimal Classification
Koha item type Reference Books
Holdings
Withdrawn status Lost status Source of classification or shelving scheme Damaged status Not for loan Home library Current Library Shelving location Date acquired Total checkouts Full call number Barcode Date last seen Copy number Price effective from Koha item type
    Dewey Decimal Classification     GRACE BIBLE COLLEGE GRACE BIBLE COLLEGE Handbook 2023-07-19   230.0415 THI 016373 2025-05-01 c.1 2023-07-19 Reference Books
© Grace Bible College Library 2025